| 000 | 01119nam a2200277 i 4500 | ||
|---|---|---|---|
| 001 | 181855 | ||
| 003 | ES-MaACL | ||
| 005 | 20251114150256.0 | ||
| 008 | 130430s2012 sp a | |||||||| | spa d | ||
| 020 | _a978-84-8109-969-0 (Galaxia Gutenberg) | ||
| 020 | _a978-84-672-4862-3 (Círculo de Lectores) | ||
| 080 | _a7.01 | ||
| 100 | 1 |
_aDuchamp, Marcel, _d1887-1968 _9237777 |
|
| 245 | 1 | 0 |
_aEscritos : _bDuchamp del signo, seguido de Notas / _cMarcel Duchamp ; escritos reunidos y presentados por Michel Sanouillet y Paul Matisse ; edición en español dirigida por José Jiménez. |
| 250 | _a1ª ed. | ||
| 260 |
_aBarcelona : _bGalaxia Gutenberg : _bCírculo de Lectores, _c2012. |
||
| 300 |
_a556 p., [32] p. de lám. col. y n. : _bil. ; _c22 cm. |
||
| 504 | _aBibliografía: p. 507-526. Índices. | ||
| 650 | 0 | 4 |
_aArte- _xFilosofía. _910099 |
| 700 | 1 |
_aSanouillet, Michel. _9152657 |
|
| 700 | 1 |
_aMatisse, Paul. _9152658 |
|
| 700 | 1 |
_aJiménez, José, _d1951- _9152659 |
|
| 852 |
_aES-MaACL _jA-12679 _9188763 _bR.148810 _cDEPO1 _dOlim: N-5680 |
||
| 942 |
_2udc _cMONOGRAFIA |
||
| 999 |
_c181855 _d181855 |
||